000 01445cam a2200373 a 4500
001 13134579
003 OSt
005 20140310182001.0
008 030324s2004 nyu j 000 1 eng
010 _a 2003047862
020 _a0439709814
040 _aDLC
_cDLC
_dDLC
042 _alcac
050 0 0 _aPZ 7
_b.B344 2004
082 0 0 _aKF
_bB32 2004
100 1 _aBauer, Marion Dane.
_95188
245 1 4 _aThe double-digit club /
_cMarion Dane Bauer.
250 _a1st ed.
260 _aNew York :
_bScholastic Inc,
_cc2004.
300 _a116 p. ;
_c19 cm.
520 _aNine-year-old Sarah is excited about summer vacation, but she faces unexpected crises when her best friend Paige becomes old enough to join a local girls' clique, and when she makes choices which affect her relationship with an elderly blind neighbor.
541 _j1
562 _e1
650 1 _aBest friends
_vFiction.
_95189
650 1 _aFriendship
_vFiction.
_95190
650 1 _aInterpersonal relations
_vFiction.
_95191
650 1 _aClubs
_vFiction.
_95192
650 1 _aBlind
_vFiction.
_95193
650 1 _aPeople with disabilities
_vFiction.
_95194
856 4 1 _3Table of contents
_uhttp://www.loc.gov/catdir/toc/fy051/2003047862.html
906 _a7
_bcbc
_corignew
_d1
_eocip
_f20
_gy-gencatlg
942 _2lcc
_cBK-KF
_kKF
999 _c8011
_d8011